000 00585nam a2200229Ia 4500
001 48430
005 20240114003909.0
007 ta
008 090515s1388 g b000 u 346 u
040 _aCotton College,Assam
041 _a346
082 _a891.441
_bRAI
100 _aRay, Satyajit .
245 0 _aSewa Sandesh 1368-1387 /
_cSatyajit Ray.
_hTextual Documents
250 _a1st ed /
260 _aCalcutta :
_bAnada Publishers ,
_c1388.
300 _a1371 p ;
_c24 cm.
653 _aBengali
942 _2ddc
_cBK
999 _c48395
_d48395